|
|
|
|
| LEADER |
00000nab#a22000007a#4500 |
| 001 |
arbauad003966 |
| 003 |
AR-BaUAD |
| 005 |
20250711110616.0 |
| 008 |
940404|||||||||###||||||b###|0###a|spa|| |
| 040 |
|
|
|a AR-BaUAD
|c AR-BaUAD
|b spa
|
| 245 |
1 |
0 |
|a Banco Municipal de la ciudad de Buenos Aires, Edificio ventas, Esmeralda 660, Buenos Aires, 1969
|
| 300 |
0 |
|
|b fot., cortes, plantas
|
| 653 |
|
|
|a ARQUITECTURA BANCARIA
|
| 653 |
|
|
|a BANCOS
|
| 653 |
|
|
|a BANCO MUNICIPAL DE LA CIUDAD DE BUENOS AIRES
|
| 653 |
|
|
|a BUENOS AIRES, CIUDAD
|
| 653 |
|
|
|a ARGENTINA
|
| 653 |
|
|
|a MANTEOLA-PETCHERSKY-SANCHEZ GOMEZ-SANTOS-SOLSONA-VIÑOLY
|
| 653 |
|
|
|a MANTEOLA, FLORA
|
| 653 |
|
|
|a PETCHERSKY, IGNACIO
|
| 653 |
|
|
|a SANCHEZ GOMEZ, JAVIER
|
| 653 |
|
|
|a SANTOS, JOSEFINA
|
| 653 |
|
|
|a SOLSONA, JUSTO
|
| 653 |
|
|
|a VIÑOLY, RAFAEL
|
| 773 |
0 |
|
|t SUMMA
|g no. 18 [set. 1969], p. 43-48
|
| 942 |
|
|
|c ARTI
|
| 952 |
|
|
|0 0
|1 0
|4 0
|7 0
|9 48886
|a AR-BAuAD
|b AR-BAuAD
|d 2025-07-11
|l 0
|p AAQA003966
|r 2025-07-11 11:06:16
|w 2025-07-11
|y ARTI
|
| 990 |
|
|
|a AQ196
|b TD
|
| 998 |
|
|
|a AAQ
|b BIBUN76
|
| 999 |
|
|
|c 28559
|d 28559
|